000 00583nam a2200181Ia 4500
003 GCL
008 140319s9999 xx 000 0 ara d
040 _aGCL /
_cGCL
082 0 4 _a627
_bا هـ
100 1 _aاحمد عزت الانصارى
245 1 0 _aالهيدروليكا ومبادى ميكانيكا الموائع /
_cاحمد عزت الانصارى
260 _a[S.N] :
_bدار الراتب الجامعية ،
_c1987
300 _a399 ص
490 _a
650 0 4 _aالهيدروليكا
650 0 4 _aالهندسة الهيدروليكية
942 _2ddc
_cBK
999 _c33831
_d33831